000
00298nam a2200133Ia 4500
100
_a
Halsall/Fred
942
_c
BK
654
_a
multimedia
245
_a
Multimedia communications:Applications
260
_b
Pearson Education
_c
2001
082
_a
4.65
_b
HAL
300
_a
1034
546
_a
ENGLISH
999
_c
27470
_d
27470